000 01079nam a22003137a 4500
001 BR2010000851
003 BR-BrBNA
005 20230928103202.0
007 ta
008 230509b bl.||||| |||| 00| 0 por d
040 _aBR-BrBNA
_bpor
_cBiblioteca Nacional de Agricultura
041 _a(Por)
072 _aL10
_b5213
090 _ 5213 BR2010000851
100 1 _aMarques, F. dos S.
110 1 _aUniversidade Federal de Minas Gerais, Belo Horizonte, MG (Brasil). Escola de Veterinária
_0Tese (Mestre em Zootecnia)
_910868
245 1 _aRelações entre características fenotípicas e genéticas e a predição de gestação de novilhas Nelore acasaladas dos 11 aos 15 meses
260 3 _aBelo Horizonte, MG (Brasil):
_c2009.
300 _a61 p.
500 _aSummaries (Eng, Por); Bibliography p. 55-61; 6 tables; 24 illus.
650 _aGADO NELORE
650 _aNOVILHO DE CORTE
650 _aREPRODUÇÃO ANIMAL
650 _aPRENHEZ
650 _aGENÉTICA ANIMAL
650 _aGANHO DE PESO
909 _a202309
_bLucia
_c55
_dLucia Elande
942 _cBK
999 _c74054
_d74054